| 000 | 01181pam a2200337 a 4500 | ||
|---|---|---|---|
| 001 | 4802336 | ||
| 003 | ARRUPE | ||
| 005 | 20160216110939.0 | ||
| 008 | 880729s1989 nyu b s001 0 eng | ||
| 010 | _a 88024792 | ||
| 020 | _a0791400085 | ||
| 020 | _a0791400093 (pbk.) | ||
| 040 |
_aDLC _cDLC _dDLC |
||
| 050 | 0 | 0 |
_aB3248.G34 _bD53 1989 |
| 082 | 0 | 0 |
_a149 _219 |
| 245 | 0 | 0 |
_aDialogue and deconstruction : _bthe Gadamer-Derrida encounter / _cedited by Diane P. Michelfelder & Richard E. Palmer. |
| 260 |
_aAlbany : _bState University of New York Press, _cc1989. |
||
| 300 |
_ax, 352 p. ; _c24 cm. |
||
| 440 | 0 |
_aSUNY series in contemporary continental philosophy _910482 |
|
| 500 | _aIncludes indexes. | ||
| 504 | _aBibliography: p. [295]-316. | ||
| 600 | 1 | 0 |
_aGadamer, Hans-Georg, _d1900- _922355 |
| 600 | 1 | 0 |
_aDerrida, Jacques. _922356 |
| 650 | 0 |
_aHermeneutics _xHistory _y20th century. _921591 |
|
| 650 | 0 |
_aDeconstruction _xHistory. _922357 |
|
| 700 | 1 |
_aMichelfelder, Diane P., _d1953- _922358 |
|
| 700 | 1 |
_aPalmer, Richard E., _d1933- _922359 |
|
| 906 |
_a7 _bcbc _corignew _d1 _eocip _f19 _gy-gencatlg |
||
| 942 |
_2lcc _cMONOGRAPH |
||
| 999 |
_c124194 _d124194 |
||